000 00216nam a22000977a 4500
999 _c263356
_d263355
020 _a0439262828
100 _aChristopher Sloan
245 _aFeathered Dinosaurs
260 _aNew York
_bScholastic
_c2000
942 _cBK